Statistics for Summer Olympic Games

Click here to take the quiz!

General Stats

  • This quiz has been taken 56 times
    (16 since last reset)
  • The average score is 3 of 5

Answer Stats

% Correct
Greece
86%
France
71%
Australia
57%
Great Britain
43%
Switzerland
36%

Score Distribution

Percentile by Number Answered

Percent of People with Each Score

Your Score History

You have not taken this quiz since the last reset